000 04795cam a2201873Mi 4500
003 PE-LiUPU
005 20250813165507.0
005 20171206114455.0
008 150928s2015 sp r 000 0 spa d
020 _a8490642249
020 _a9788490642245
035 _a(Sirsi) i9788490642245
035 _a(OCoLC)927772851
040 _aBNM
_bspa
_erda
_cBNM
_dESPLC
_dPE-LiUPU
049 _aPRUA
080 _a616.89-008.441.42
082 0 4 _a616.8526
_bS42
_223
100 1 _aSerra Alías, Margarita,
_eautor.
245 1 0 _aTrastornos del comportamiento alimentario :
_benfoques preventivos /
_cMarga Serra.
250 _aPrimera edición.
264 1 _aBarcelona :
_bUOC,
_c2015.
300 _a263 páginas ;
_c24 centímetros
336 _atext
_2rdacontent
337 _aunmediated
_2rdamedia
338 _avolume
_2rdacarrier
490 0 _aManuales
_v321.
_aArs alimentaria
504 _aBibliografía: páginas 253-263.
505 _a¿Qué son los transtornos del comportamiento alimentario? -- Principales TCA -- ¿Es una enfermedad nueva? Breve historia -- Criterios diagnósticos de los TCA -- Poblaciones especiales. Embarazo y TCA -- Los TCA en adultos -- Epidemiología -- Factores que pueden provocar un TCA -- Detección de los TCA -- Diagnóstico de las TCA -- Tratamiento de los TCA -- Abordaje nutricional en los TCA -- Pronósticos de los TCA -- Diagnóstico diferencias de los TCA -- Diagnósticos diferencial de los TCA -- Complicaciones de los TCA -- Internet y los TCA -- La prevención de los TCA -- Los TCA y las leyes.
526 _aP203
526 _aP200
526 _aSEG65
526 _aSEG64
526 _aSEG63
526 _aSEG62
526 _aSEG61
526 _aSEG60
526 _aSEG59
526 _aSEG58
526 _aSEG57
526 _aSEG56
526 _aSEG55
526 _aSEG54
526 _aSEG53
526 _aSEG52
526 _aSEG51
526 _aSEG50
526 _aSEG49
526 _aSEG48
526 _aSEG47
526 _aSEG46
526 _aSEG24
526 _aSEG23
526 _aSEG22
526 _aSEG21
526 _aSEG20
526 _aSEG19
526 _aSEG18
526 _aSEG17
526 _aSEG16
526 _aSEG14
526 _aSEG13
526 _aSEG12
526 _aSEG11
526 _aSEG10
526 _aSEG09
526 _aSEG06
526 _aSEG05
526 _aSEG04
526 _aSEG03
526 _aSEG02
526 _aSEG68
526 _aSEG66
526 _aSEG45
526 _aSEG25
526 _aSEG01
526 _aP163
526 _aP162
526 _aP161
526 _aP160
526 _aP159
526 _aP158
526 _aP157
526 _aP156
526 _aP155
526 _aP154
526 _aP153
526 _aP152
526 _aP151
526 _aP150
526 _aP149
526 _aP142
526 _aP141
526 _aP140
526 _aP139
526 _aP138
526 _aP137
526 _aP132
526 _aP131
526 _aP130
526 _aP126
526 _aP125
526 _aP124
526 _aP123
526 _aP115
526 _aP122
526 _aP121
526 _aP116
526 _a P114
526 _aP112
526 _aP111
526 _aP104
526 _aP103
526 _aP102
526 _aP101
526 _aP100
526 _aP96
526 _aP95
526 _aP93
526 _aP92
526 _aP91
526 _aP88
526 _aP83
526 _aP82
526 _aP79
526 _aP78
526 _aP75
526 _aP74
526 _aP71
526 _aP69
526 _a P51
526 _aP49
526 _aP48
526 _aP47
526 _aP33
526 _aP31
526 _a P30
526 _aP29
526 _aP27
526 _aP26
526 _aP25
526 _aP24
526 _a P22
526 _aP10
526 _aP09
526 _a P08
526 _aP06
526 _aP05
526 _aP04
526 _aP01
541 _g0001-000559;
650 1 _aConducta alimentaria-
_xTrastornos
650 1 _aFood behavior-
_xDiscussions
910 _adbm
_bebj
_cebj
_d20171206
942 _2ddc
_cBOOK
949 _a616.8526 S42
_wDEWEY
_c1
_i77221
_lCATALOGING
_mBUL
_p60.00
_r0
_sY
_tBOOK
_u2017-12-05
_xPOSGRADO
_PP54
_0COMPRA
_o.STAFF. Colección Ciencias de la Salud.
994 _aC0
_bPEPRU
596 _a1
999 _a616.8526 S42
_wDEWEY
_c26036
_i77221
_d26036
_e2019-10-22
_f2021-11-4
_g4
_lCCODEBUL1
_mBUL
_n7
_p60.00
_q4
_r0
_sY
_tBOOK
_u2017-12-5
_xSALUD
_zP54
_0COMPRA
_o.STAFF. Colección Ciencias de la Salud.
980 _81
_gALBERTO SANCHEZ Responsable de Automatización